Ведомости выкупным ссудам, разрешенным Главным выкупным учреждением по Владимирской губернии

Доступно только в Электронных читальных залах Найти на картеНа карте
RUSMARC
00003484nmc2a2200000 x 450
0010c391571-4861-4999-9ab2-fc2b6f51b0e5
00520160106030125.0
100##$a20150313l18841885k l0rusy0189 ca
1010#$arus
102##$aRU
2001#$aВедомости выкупным ссудам, разрешенным Главным выкупным учреждением по Владимирской губернии
$j15 сентября 1884 г. - 29 октября 1885 г.
251##$cДело
300##$aДело
801#0$aRU
$bРГИА
$c20150313
$gRCR
801#1$aRU
$bГлавНИВЦ
$c20150313
$2rusmarc
801#2$aRU
$bПБ им. Б.Н. Ельцина
$c20160106
$gRCR
$2rusmarc
850##$aРГИА
852##$aРГИА
$eФедеральное казенное учреждение "Российский государственный исторический архив" (РГИА)
$j1430
937##$hРГИА
$d11234855
$aASBIBLIO_SCAN
462#0$10013826a62a-52d3-408e-b545-2019664385f0
$12001
$a1861-1895 гг.
$1251
$cОпись
$1852
$j50
461#0$10018ef30ad5-ff5c-4840-a721-74c62a200f95
$12001
$aГлавное выкупное учреждение Министерства финансов
$1251
$cФонд
$1852
$j577
215##$a101 л.
$d36,5х26 см
371##$aДокумент не является опубликованным и широко распространяемым
105##$aу###
1222#$ad
035##$a0c391571-4861-4999-9ab2-fc2b6f51b0e5
Формат отображения